Schweizer Torschützen bei der Fußball-Europameisterschaft 2024 - Statistiken

Allgemein
  • Dieses Quiz wurde 104 mal gespielt
    90 seit der letzten Aktualisierung
  • Das Durchschnittsergebnis liegt bei 6 aus 8
Antwortstatistiken
Spiel Minute Torschütze % Korrekt
Ungarn - Schweiz 1-3 90-3' Breel Embolo
96%
England - Schweiz 1-1 n. V. (5-3 i. E.) 75' Breel Embolo
96%
Schottland - Schweiz 1-1 26' Xherdan Shaqiri
96%
Schweiz-Italien 2-0 46' Ruben Vargas
87%
Schweiz-Italien 2-0 37' Remo Freuler
80%
Schweiz - Deutschland 1-1 28' Dan Ndoye
68%
Ungarn - Schweiz 1-3 45' Michel Aebischer
66%
Ungarn - Schweiz 1-3 12' Kwadwo Duah
59%
Keine übereinstimmenden Quizze gefunden
Verteilung der Resultate
Anzahl Personen mit jedem Resultat
Perzentil nach korrekt beantworteten Fragen
Ihre Resultats-Entwicklung
Sie haben dieses Quiz seit der letzten Aktualisierung nicht gespielt